Tout sur... The Legend of Zelda - Statistiques

Statistiques générales
  • Ce quiz a été pris 450 fois
  • Le résultat moyen est 18 sur 20
Statistiques - réponses
Quel(le) est... Réponse % Correct
Le héros Link
100%
La couleur majoritaire des vêtements du héros Vert
100%
Le principal antagoniste, il représente la Force Ganon
99%
Le pays où il a été créé Japon
99%
Le nom du monde dans lequel les personnages vivent Hyrule
98%
L'entreprise qui l'a créé Nintendo
98%
Triangle magique Triforce
98%
Elle représente la Sagesse Zelda
97%
Race de souleveurs de pierre vivant dans les montagnes Gorons
94%
Nombre de jeux Zelda ou Zelda est jouable Un
94%
Race de femmes guerrières vivant dans le désert Gerudos
93%
Race d'hommes-poissons vivant dans l'eau Zoras
92%
Race de créatures ailées vivant dans le ciel Piafs
89%
La première console portable sur laquelle il est apparu Game Boy
87%
Arbre qui parle et race de plantes vivant dans les arbres Mojos
87%
La première console de salon sur laquelle il est apparu Nintendo Entertainment System (NES) | Famicom
87%
Race ayant des similitudes avec la race humaine, mais avec de longues oreilles Hyliens
86%
Race de végétaux cachés, il faut en trouver beaucoup Korogus
82%
La première console où Zelda apparaît en 3D Nintendo 64
76%
Le nombre de jeux sortis hors remakes, console virtuelle et spin-offs 21
75%
Aucun quiz correspondant
Distribution des résultats
% des personnes avec chaque résultat
Percentile par nombre de réponses
Votre historique - résultats
Vous n’avez pas pris ce quiz